000 00909nam a2200265 i 4500
001 10473
003 ES-MaACL
005 20240613063023.0
007 t|
008 950629s1994 sp ||||1| spa d
020 _a84-8213-006-4
080 _a01(46)(09)
100 1 _aFernández Sánchez, José,
_d1925-2011
_9152297
245 1 0 _aHistoria de la bibliografía en España /
_cJosé Fernández Sánchez.
250 _a[4ª ed.].
260 _aMadrid :
_bCompañía Literaria,
_cD.L. 1994.
300 _aIV, 299 p., [8] h. de lám. ;
_c22 cm.
650 4 _aBibliografía-
_zEspaña.
_910517
852 _aES-MaACL
_jL-17882
_bR.123995
_910760
852 _aES-MaACL
_jA-15091
_910759
_cDEPO1
_dOlim: 01(460) FER his
_hLegado: Juan Antonio Porto
903 _aPorto, Juan Antonio,
_d1937-2021
_ednr
_q1
_993285
942 _2udc
_cMONOGRAFIA
999 _c10473
_d10473